00669nam a2200157 a 450000100100000000500170001000800410002704000250006808200150009310000310010824500530013924601700019226000430036230000280040550000780043300004512820201002045913.0150204s2005 dr a 000 0 spa d aDO-SdBNPbspacBNPHU axxxxbxxxx1 aCastillo soto, Luis Dantes13aLa cuesta mágica /cLuis Dantes-Castillo Soto.13aLa cuesta mágica :bven a descubrir el lugar donde Los Reyes Magos, La Vieja Belen y Santa Claus buscan los juguetes que les ponen a los niños de todo el mundo / aSanto Domingo :bSoto Castillo,c2005. a115 p. :bil. ;c21 cm. aIncluye datos biográficos de la autor en la solapa de la contracubierta